| 000 | 00725nam a2200265Ia 4500 | ||
|---|---|---|---|
| 003 | OSt | ||
| 005 | 20221006153223.0 | ||
| 006 | a|||||r|||| 00| 0 | ||
| 007 | ta | ||
| 008 | 221006b |||||||| |||| 00| 0 kor d | ||
| 020 |
_a9788974748999 _cW 10,800 |
||
| 024 | _a31,664 | ||
| 037 |
_bGift, Korean Embassy _cTextual |
||
| 040 |
_aEASL _cEASL _bkor |
||
| 041 |
_2kor _akor |
||
| 082 | _aO4950ay, P4 | ||
| 100 |
_aJung Chang Gwon Au. _9662973 |
||
| 245 | 0 | _aHyangrang, Sanyuhwaro Jida | |
| 260 |
_aSeoul _bFulbit Korea _c2004 |
||
| 300 |
_a234p. _ccm. |
||
| 490 | _v KL | ||
| 650 | _aKL | ||
| 942 |
_hO4950ay, P4 _cTEXL _2CC |
||
| 999 |
_c1099750 _d1099750 |
||